Quizzes
Events
Quiz Creation
Community
Videos
Private Events
Remove Ads
Sign In
Join for FREE
Feedback
Dark Mode
Quiz Categories
Sports
Geography
Music
Movies
Television
Just For Fun
Miscellaneous
History
Literature
Language
Science
Gaming
Entertainment
Religion
Holiday
For Kids
Quiz Lab
Recent
Popular Today
Quiz Kudos Today
Editor Picks
Curator Picks
Quizzes by...
Day
Popularity
Type
Ratings
Length
Year
Community
Subscriptions
Recent Discussions
Orange Saloon
Badges
Playlists
Quests
Create
Leaderboards
Showdown
Live 5
Trivia Bingo
Activity
Puzzle Library
Sporcle Events
Private Events
Virtual Trivia
Globe League
Become a Host
Pub Owners
SporcleCon
Opinionation
Our Games
Videos
Blog
Mobile Apps
Partnerships
Remove Ads and Go Orange
Feedback
Music
Pop Music
The Beatles
Song
Album
Lyrics
Bands
Singers
Artist
Clip
Rock
Rap
Classical
Billboard
Country Music
Kpop
Taylor Swift
Music
Pop Music
The Beatles
Song
Album
Lyrics
Bands
Singers
Artist
Clip
Rock
Rap
Classical
Billboard
Country Music
Kpop
Taylor Swift
Random Quiz
Search Sporcle
×
Quiz Lab
Quiz Lab
Music
Album
Type in answers that appear in a list
Type in answers that appear in a list
Classic
Best Score? Go Orange.
The Association Songs Stats
Can you name the The Association Songs?
By
jmadrox
10m
147 Questions
19 Plays
19 Plays
19 Plays
Comments
Comments
Give Quiz Kudos
Give Quiz Kudos
-
- Ratings
hide this ad
Replay
Link that replays current quiz
Next Quiz
Link to next quiz in quiz playlist
You Got
0%
They Got
Avg Score
36%
Avg Friend Score
Upgrade to see
Score Distribution
Jump to the score distribution portion of the page
Score
0/147
Timer
10:00
0
Plays Today
Album
Songs
% Correct
And Then... Along Comes the Association
Cherish
89.5%
Insight Out
Windy
89.5%
Greatest Hits
Cherish
89.5%
Greatest Hits
Windy
89.5%
And Then... Along Comes the Association
Along Comes Mary
84.2%
Greatest Hits
Along Comes Mary
84.2%
Greatest Hits
Six Man Band
84.2%
Goodbye, Columbus
Goodbye, Columbus
84.2%
Goodbye, Columbus
Goodbye, Columbus (Instrumental)
84.2%
The Association Live (Continued)
Cherish
84.2%
The Association Live (Continued)
Windy
84.2%
The Association Live
Along Comes Mary
78.9%
The Association Live
Goodbye Columbus
78.9%
The Association Live (Continued)
Seven Man Band
78.9%
Renaissance
No Fair At All
73.7%
Insight Out
Never My Love
73.7%
Birthday
Everything That Touches You
73.7%
Greatest Hits
Everything That Touches You
73.7%
Greatest Hits
Never My Love
73.7%
Greatest Hits
No Fair At All (single version with additional vocals)
73.7%
And Then... Along Comes the Association
Enter the Young
68.4%
Insight Out
We Love Us
68.4%
Insight Out
Requiem For The Masses
68.4%
Birthday
Like Always
68.4%
Birthday
Time For Livin'
68.4%
Greatest Hits
Like Always
68.4%
Greatest Hits
Enter The Young (re-recorded version)
68.4%
Greatest Hits
Time For Livin
68.4%
Greatest Hits
Requiem For The Masses
68.4%
Greatest Hits
We Love
68.4%
The Association Live (Continued)
The Time It Is Today
68.4%
Birthday
Come On In
63.2%
Greatest Hits
The Time It Is Today
63.2%
The Association Live (Continued)
Requiem For The Masses
63.2%
Birthday
The Time It Is Today
57.9%
The Association Live (Continued)
Enter The Young
57.9%
Insight Out
Happiness Is
52.6%
And Then... Along Comes the Association
I'll Be Your Man
52.6%
And Then... Along Comes the Association
Standing Still
52.6%
Renaissance
Pandora's Golden Heebie Jeebies
52.6%
Insight Out
On A Quiet Night
52.6%
Insight Out
When Love Comes To Me
52.6%
Insight Out
Sometime
52.6%
Birthday
Rose Petals, Incense and a Kitten
52.6%
Birthday
Birthday Morning
52.6%
The Association Live (Continued)
Blistered
52.6%
And Then... Along Comes the Association
Your Own Love
47.4%
And Then... Along Comes the Association
Don't Blame It On Me
47.4%
And Then... Along Comes the Association
Blistered
47.4%
Album
Songs
% Correct
And Then... Along Comes the Association
Remember
47.4%
Renaissance
Looking Glass
47.4%
Birthday
Hear In Here
47.4%
The Association Live
I'll Be Your Man
47.4%
The Association Live (Continued)
Remember
47.4%
And Then... Along Comes the Association
Round Again
42.1%
And Then... Along Comes the Association
Message of Our Love
42.1%
And Then... Along Comes the Association
Changes
42.1%
Renaissance
I'm The One
42.1%
Renaissance
You Hear Me Call Your Name
42.1%
Insight Out
Wasn't It A Bit Like Now?
42.1%
Insight Out
Reputation
42.1%
Insight Out
Wantin' Ain't Gettin'
42.1%
Birthday
Toymaker
42.1%
Birthday
Barefoot Gentleman
42.1%
Birthday
The Bus Song
42.1%
The Association
Look At Me, Look At You
42.1%
The Association
Under Branches
42.1%
The Association Live
One Too Many Mornings
42.1%
The Association Live
Wasn't It A Bit Like Now
42.1%
The Association Live (Continued)
Dubuque Blues
42.1%
The Association 95: A Little Bit More
One
42.1%
The Association
Dubuque Blues
36.8%
The Association
I Am Up For Europe
36.8%
The Association
Broccoli
36.8%
Stop Your Motor
P.F. Sloan
36.8%
Stop Your Motor
Along The Way
36.8%
Non Album Singles + B-
Sides
Forty Times
36.8%
Renaissance
Memories Of You
31.6%
Renaissance
Angeline
31.6%
Renaissance
Come To Me
31.6%
Renaissance
Another Time, Another Place
31.6%
The Association
Yes I Will
31.6%
The Association
Goodbye Forever
31.6%
The Association Live
Goodbye Forever
31.6%
The Association
The Nest
26.3%
The Association Live
Babe I'm Gonna Leave You
26.3%
The Association Live (Continued)
What Were The Words
26.3%
Renaissance
All Is Mine
21.1%
Renaissance
Songs In The Wind
21.1%
The Association
What Were The Words?'
21.1%
The Association Live
Dream Girl
21.1%
The Association Live
Just About The Same
21.1%
The Association 95: A Little Bit More
Little Bit More
21.1%
Renaissance
You May Think
15.8%
The Association Live
Get Together
15.8%
Waterbeds in Trinidad!
Snow Queen
15.8%
Non Album Singles + B-
Sides
Names, Tags, Numbers and Labels
15.8%
Goodbye, Columbus
It's Gotta Be Real
10.5%
Album
Songs
% Correct
The Association
Love Affair
10.5%
The Association
Are You Ready?
10.5%
The Association Live
Last Flower
10.5%
The Association Live (Continued)
Are You Ready?
10.5%
Stop Your Motor
Bring Yourself Home
10.5%
Stop Your Motor
That's Racin'
10.5%
Stop Your Motor
It's Gotta Be Real
10.5%
Stop Your Motor
Traveller's Guide (Spanish Flyer)
10.5%
The Association 95: A Little Bit More
Forever
10.5%
Non Album Singles + B-
Sides
Across the Persian Gulf
10.5%
Goodbye, Columbus
So Kind to Me (Brenda's Theme)
5.3%
The Association
Boy on the Mountain
5.3%
Stop Your Motor
Funny Kind Of Song
5.3%
Stop Your Motor
Silver Morning
5.3%
Stop Your Motor
The First Sound
5.3%
Stop Your Motor
Seven Virgins
5.3%
Waterbeds in Trinidad!
Darling Be Home Soon
5.3%
The Association 95: A Little Bit More
Learn How to Land
5.3%
The Association 95: A Little Bit More
Perfect Gift
5.3%
Non Album Singles + B-
Sides
Makes Me Cry
5.3%
Non Album Singles + B-
Sides
One Sunday Morning
5.3%
Non Album Singles + B-
Sides
Dreamer
5.3%
Non Album Singles + B-
Sides
Small Town Lovers
5.3%
Waterbeds in Trinidad!
Silent Song Through the Land
0%
Waterbeds in Trinidad!
Midnight Wind
0%
Waterbeds in Trinidad!
Come The Fall
0%
Waterbeds in Trinidad!
Kicking the Gong Around
0%
Waterbeds in Trinidad!
Rainbow's Bent
0%
Waterbeds in Trinidad!
Indian Wells Woman
0%
Waterbeds in Trinidad!
Please Don't Go ('Round the Bend)
0%
Waterbeds in Trinidad!
Little Road and a Stone to Roll
0%
New Memories
Memories Are Made Of This
0%
New Memories
Love Me Tender
0%
New Memories
Breaking Up Is Hard To Do
0%
New Memories
Oh Pretty Woman
0%
New Memories
Fever
0%
New Memories
World Without Love
0%
New Memories
The Dock Of The Bay
0%
New Memories
It's All In The Game
0%
New Memories
Sugar, Sugar
0%
New Memories
Stagger Lee
0%
The Association 95: A Little Bit More
Walk Away Renee
0%
The Association 95: A Little Bit More
Could It Be Love?
0%
The Association 95: A Little Bit More
How Much Love?
0%
The Association 95: A Little Bit More
Nature Boy
0%
The Association 95: A Little Bit More
I Wanna Be Your Radio
0%
The Association 95: A Little Bit More
Dreamland
0%
Non Album Singles + B-
Sides
Life Is a Carnival
0%
Non Album Singles + B-
Sides
You Turn the Light On
0%
Quiz Playlist
Details
Report
Send in Message
Add To Playlist
Classic:
Type in answers that appear in a list
Quiz Source
Last Updated: Feb 16, 2017
Quiz Scoreboard
CHALLENGE
Sign Up to Join the Scoreboard
Show All
Scores
Hide
Comments
May contain spoilers
Recently Published
Movies - When Are They Set?
by FPL_Elf
Movies
5m
Popular People in 1961
by mucciniale
History
6m
1-10 Letter E Words III
by El_Dandy
Language
2m
More to Explore
Quiz From the Vault
Featured Blog Post
Where Did the Easter Bunny Come From?
hide this ad
You Might Also Like...
Tags
Album Quiz
Song Quiz
association
Today's Top Quizzes in Music
Browse Music
hide this ad
Today's Top Quizzes in Album
Browse Album
Top Contributed Quizzes in Music
1
Taylor Swift All Songs (2024)
2
2010s Album by Cover III
3
One Thing in Common: Music
4
Guess the Artist- 70s Songs
5
Taylor Swift Logic Puzzle
6
Guess the Taylor Swift song (Mystery Song)
7
2010s Album by Cover IV
8
2010s Album by Cover V
9
KPOP LOGIC QUIZ
10
2010s Album by Cover VI
Explore More
Trending Topics
Anime
Crossword
Disney
Harry Potter
Marvel
NBA
Kpop
Pokémon
The Office
Song
Soccer
Puzzle
Country
NFL
WWE
hide this ad
More By:
jmadrox
Quiz
Plays
Rating
Category
Featured
Created
Chuck Lorre TV Shows
12,383
3.98
Television
Dec 13, 2011
Bill Paxton Movies
9,020
4.53
Movies
Jul 3, 2010
Goldie Hawn Movies
1,018
4.20
Movies
May 20, 2010
X-Men Members
1,010
4.50
Literature
Sep 18, 2010
Blondie Songs
922
5.00
Music
Jan 16, 2012
Go to Creator's Profile
Score Distribution
Quiz Creator Spotlight
jmadrox
Follow
Send a Message
Quizzes Created
-
Created Quiz Play Count
-
More By This Creator
Popular Quizzes Today
1
Find the Countries of Europe - No Outlines Minefield
2
Find the US States - No Outlines Minefield
3
The Countries of the World
4
Popular People in 1961
5
1-10 Letter E Words III
6
US States
7
Find the US States
8
One Thing in Common: World Cities II
More Music Quizzes
Top 100 Kpop Title Tracks of 2021
Quiz Lab
Trending Quizzes
Risky Map Clicking: Least Populous States A-Z
Humor Books: The Subtitles
1-10 Letter F Words
1-10 Letter G Words
One Thing in Common: United Kingdom
Recently Updated
Leaping Animals
pecheneg
Reality TV Shows (A-Z)
bhenderson79
Rickey Henderson's Hall of Fame Teammates
pecheneg
Champions League XIs: Arsenal
pecheneg
Quick Pick: Celebrities in WWE's Hall of Fame
aduchscher
A-Z Keypad Blitz II
pecheneg
Multiple Oscar Actors
pecheneg
Mystery Phrase Blitz: Oscar 'Best Actors'
pecheneg
F. Scott Fitzgerald Novels
LTH
Pick 3 Villains
ddd62291
Trending Topics
NBA
Disney
Anime
Kpop
Marvel
Harry Potter
Crossword
Soccer
Puzzle
Country
Song
NFL
Pokémon
The Office
WWE
Your Account Isn't Verified!
In order to create a playlist on Sporcle, you need to verify the email address you used during registration. Go to your
Sporcle Settings
to finish the process.
Report this User
Report this user for behavior that violates our
Community Guidelines
.
Details:
Send Report
Go to the Sporcle.com Mobile Site →
Comments